000
00316nam a22001457a 4500
003
SGT
082
_a
611
_b
R14S
100
_a
SINGH,MAHENDRA
245
_a
RACHNA SHARIRA VIGYAN
260
_a
DELHI
_b
CHAUKHAMBHA
_c
2014
300
_a
502
650
_a
RACHNA SHARIRA
653
_a
RACHNA SHARIRA
942
_2
ddc
_c
BK
_0
318
999
_c
8263
_d
8263